[Event "Bled Olympiad"]
[Site "Bled SLO"]
[Date "2002.11.04"]
[EventDate "2002.10.26"]
[Round "9"]
[Result "1/2-1/2"]
[White "Everaldo Matsuura"]
[Black "Ivan Ivanisevic"]
[WhiteElo "2453"]
[BlackElo "2537"]
[PlyCount "91"]

1. e4 c5 2. Nf3 g6 3. d4 cxd4 4. Nxd4 Bg7 5. Nc3 Nc6 6. Be3
Nf6 7. Bc4 O-O 8. Bb3 d6 9. f3 Bd7 10. Qd2 Nxd4 11. Bxd4 b5
12. O-O a5 13. a3 a4 14. Ba2 Qa5 15. Rfd1 b4 16. axb4 Qxb4
17. Nd5 Nxd5 18. Bxd5 Rab8 19. Bxg7 Kxg7 20. Qxb4 Rxb4 21. b3
Rc8 22. Bc4 axb3 23. Bxb3 Be6 24. Bxe6 fxe6 25. Ra2 Kf6
26. Kf2 Rbc4 27. Rd2 g5 28. h3 h5 29. Ke2 R8c5 30. Kd1 g4
31. hxg4 hxg4 32. Ra8 Rc8 33. Rxc8 Rxc8 34. Rd3 Ke5 35. Ra3
gxf3 36. gxf3 Rg8 37. Ra7 Kf6 38. Rc7 Rg2 39. Ke1 d5 40. exd5
exd5 41. c4 d4 42. Rd7 e5 43. f4 Rc2 44. fxe5+ Kxe5 45. Re7+
Kf4 46. c5 1/2-1/2

[Event "Bled Olympiad"]
[Site "Bled SLO"]
[Date "2002.11.04"]
[EventDate "2002.10.26"]
[Round "9"]
[Result "0-1"]
[White "Mario Belli Pino"]
[Black "Vladimir Georgiev"]
[WhiteElo "2401"]
[BlackElo "2501"]
[PlyCount "98"]

1. d4 Nf6 2. c4 c6 3. Nc3 d5 4. e3 a6 5. Qc2 e6 6. Nf3 c5
7. dxc5 Bxc5 8. a3 dxc4 9. Bxc4 Nbd7 10. O-O b5 11. Be2 Bb7
12. Rd1 Qc7 13. h3 Rc8 14. Bd2 Ba7 15. Rdc1 Bb8 16. Qd1 Bxf3
17. Bxf3 Qh2+ 18. Kf1 O-O 19. Ne2 Ne5 20. Nd4 Rxc1 21. Rxc1
Nd3 22. Rc6 e5 23. Qc2 e4 24. Rxf6 exf3 25. Rxf3 Ne5 26. Rg3
Nc4 27. Rg5 h6 28. Rg4 Ne5 29. Rg3 Nd7 30. Rf3 Qh1+ 31. Ke2
Qxg2 32. Bb4 Rd8 33. Nc6 Ne5 34. Nxe5 Bxe5 35. Ba5 Rf8 36. Bb4
Rd8 37. Ba5 Rb8 38. Qf5 f6 39. Qe6+ Kh8 40. Qxa6 Qg6 41. Bc3
Rd8 42. Qxb5 Qc2+ 43. Kf1 Rd1+ 44. Kg2 Qg6+ 45. Rg3 Qe4+
46. Rf3 Qg6+ 47. Rg3 Bxg3 48. fxg3 Qe4+ 49. Kf2 Rh1 0-1

[Event "Bled Olympiad"]
[Site "Bled SLO"]
[Date "2002.11.04"]
[EventDate "2002.10.26"]
[Round "9"]
[Result "1/2-1/2"]
[White "Filemon Cruz"]
[Black "Trajce Nedev"]
[WhiteElo "2363"]
[BlackElo "2481"]
[PlyCount "68"]

1. d4 Nf6 2. c4 g6 3. Nc3 d5 4. Nf3 Bg7 5. e3 O-O 6. Be2 c5
7. O-O cxd4 8. exd4 Nc6 9. h3 b6 10. Ne5 Bb7 11. Bf3 Na5
12. b4 Nxc4 13. Nxc4 Rc8 14. Nxb6 Qxb6 15. Na4 Qxb4 16. Be3
Bc6 17. Nc5 Qa5 18. Re1 e6 19. Qc1 Nd7 20. Nb3 Qb4 21. Bd2 Qe7
22. Bg5 f6 23. Bh4 g5 24. Bg3 e5 25. dxe5 fxe5 26. Qd2 e4
27. Rac1 Ba8 28. Bg4 Rxc1 29. Rxc1 Ne5 30. Nd4 Nc4 31. Qd1 Nb2
32. Qd2 Nc4 33. Qd1 Nb2 34. Qd2 Nc4 1/2-1/2

[Event "Bled Olympiad"]
[Site "Bled SLO"]
[Date "2002.11.04"]
[EventDate "2002.10.26"]
[Round "9"]
[Result "0-1"]
[White "Nathan R Zilberman"]
[Black "Leif Erlend Johannessen"]
[WhiteElo "2374"]
[BlackElo "2534"]
[PlyCount "74"]

1. d4 d5 2. c4 e6 3. Nf3 c6 4. Qc2 Nf6 5. cxd5 exd5 6. Bg5 Be7
7. Nc3 O-O 8. e3 Nbd7 9. Bd3 Re8 10. O-O Nf8 11. h3 g6
12. Rab1 Ne6 13. Bh4 Ng7 14. b4 Bd6 15. b5 Nf5 16. Bg5 h6
17. Bf4 Bxf4 18. exf4 cxb5 19. Nxb5 Re7 20. Rfe1 Be6 21. Qc5
Ne4 22. Bxe4 dxe4 23. Re2 e3 24. Rxe3 a6 25. Re4 Rd7 26. Na3
Rc7 27. Qb4 Bd5 28. Ree1 Bxf3 29. gxf3 Nxd4 30. Kg2 Qd5
31. Re3 Nf5 32. Reb3 Re8 33. Re1 Rxe1 34. Qxe1 Re7 35. Qf1 Qd2
36. Rd3 Qxf4 37. Nc2 Nh4+ 0-1

[Event "Bled Olympiad"]
[Site "Bled SLO"]
[Date "2002.11.04"]
[EventDate "2002.10.26"]
[Round "9"]
[Result "1-0"]
[White "Einar J Gausel"]
[Black "Alexei Sidorenko"]
[WhiteElo "2511"]
[BlackElo "2324"]
[PlyCount "69"]

1. d4 Nf6 2. Nf3 e6 3. e3 b6 4. Bd3 Bb7 5. O-O Be7 6. c4 c5
7. Nc3 cxd4 8. exd4 d5 9. cxd5 Nxd5 10. Re1 Nd7 11. Ne4 O-O
12. a3 Rc8 13. Qe2 N5f6 14. Ng3 Re8 15. Bf4 Nf8 16. Rad1 Ng6
17. Be5 Nd5 18. Nh5 Nxe5 19. dxe5 g6 20. Qd2 Qc7 21. Ng3 f5
22. exf6 Bxf6 23. Ne4 Bg7 24. g3 Ne7 25. Qe2 Nf5 26. Neg5 Bd5
27. Bxf5 gxf5 28. Rxd5 Bxb2 29. Nxe6 Qc6 30. Qxb2 Rxe6
31. Rxe6 Qxe6 32. Qd2 f4 33. Rd8+ Rxd8 34. Qxd8+ Kg7 35. Qg5+
1-0

[Event "Bled Olympiad"]
[Site "Bled SLO"]
[Date "2002.11.04"]
[EventDate "2002.10.26"]
[Round "9"]
[Result "1/2-1/2"]
[White "Saad Abdullah Sarsam"]
[Black "Mark Paragua"]
[WhiteElo "2409"]
[BlackElo "2476"]
[PlyCount "148"]

1. e4 c5 2. Nf3 d6 3. Bc4 Nf6 4. d3 Nc6 5. c3 g6 6. O-O Bg7
7. Bb3 O-O 8. Nbd2 e5 9. Re1 h6 10. Nf1 Kh8 11. h3 Ng8 12. d4
exd4 13. cxd4 Nxd4 14. Nxd4 Bxd4 15. Nh2 Be6 16. Nf3 Bg7
17. Bf4 c4 18. Ba4 d5 19. e5 Ne7 20. Qd2 Kh7 21. Rad1 Qb6
22. Nd4 Nc6 23. Be3 Qc7 24. f4 Nxd4 25. Bxd4 Bf5 26. Bc2 Bxc2
27. Qxc2 Rfe8 28. Qf2 b6 29. Re2 Re7 30. Qf3 Qc6 31. g4 Rae8
32. Red2 g5 33. fxg5 hxg5 34. Re2 Kg8 35. Rde1 Rd8 36. Qf5 Qg6
37. Kg2 Rde8 38. Qf3 Rd8 39. Qf5 Re6 40. Rf1 Rde8 41. Rfe1 b5
42. Qf3 Rd8 43. Rd1 a5 44. Qf5 Kh7 45. Kf3 Rde8 46. Rde1 Kg8
47. Kf2 Qh6 48. Qf3 Qh8 49. Qg3 b4 50. Kf1 Qh7 51. Qf3 Qd3
52. Qxd3 cxd3 53. Re3 d2 54. Rd1 Bxe5 55. Bxe5 Rxe5 56. Rxe5
Rxe5 57. Rxd2 Kg7 58. a3 bxa3 59. bxa3 Kf6 60. Rd4 Ke6 61. Ra4
Re3 62. Kg2 Ke5 63. Rxa5 f6 64. a4 Ra3 65. Ra8 d4 66. a5 Kf4
67. a6 Ra2+ 68. Kf1 Ke3 69. a7 Kd3 70. Ke1 Ra4 71. Kf2 Ra6
72. Kg3 Ra3 73. Kf2 Ra2+ 74. Kg3 Ra3 1/2-1/2

[Event "Bled Olympiad"]
[Site "Bled SLO"]
[Date "2002.11.04"]
[EventDate "2002.10.26"]
[Round "9"]
[Result "1-0"]
[White "Mika Karttunen"]
[Black "Rui Damaso"]
[WhiteElo "2413"]
[BlackElo "2427"]
[PlyCount "55"]

1. c4 e5 2. g3 c6 3. d4 exd4 4. Qxd4 Nf6 5. Bg2 Na6 6. Nf3 Bc5
7. Qe5+ Be7 8. O-O O-O 9. a3 Re8 10. Qc3 Nc5 11. Nbd2 d5
12. cxd5 Nxd5 13. Qc2 a5 14. Rd1 Qb6 15. Nd4 Ne6 16. Nf5 Nd4
17. Nxd4 Qxd4 18. Nb3 Qe5 19. e4 Nf6 20. Be3 Ng4 21. Bd4 Qh5
22. h3 Nf6 23. g4 Qg6 24. f4 Bd6 25. Bxf6 Bxf4 26. Bd4 h5
27. gxh5 Qg3 28. Rd3 1-0

[Event "Bled Olympiad"]
[Site "Bled SLO"]
[Date "2002.11.04"]
[EventDate "2002.10.26"]
[Round "9"]
[Result "1-0"]
[White "Kevin Spraggett"]
[Black "Lim Yee Weng"]
[WhiteElo "2533"]
[BlackElo "2202"]
[PlyCount "87"]

1. e4 c5 2. Nf3 d6 3. d4 cxd4 4. Nxd4 Nf6 5. Nc3 g6 6. Bc4 Bg7
7. O-O Nc6 8. Nb3 O-O 9. Re1 a6 10. Bf1 b5 11. Nd5 e6
12. Nxf6+ Bxf6 13. c3 b4 14. cxb4 Nxb4 15. a3 Nc6 16. Bh6 Re8
17. Rc1 Bb7 18. Re2 Na5 19. Nd4 e5 20. Nf3 d5 21. Rd2 d4
22. Bd3 Rc8 23. Rxc8 Qxc8 24. b4 Nc6 25. Qe2 Ne7 26. Rc2 Qa8
27. Bg5 Bxg5 28. Nxg5 h6 29. Nf3 Nc8 30. Rc5 Nd6 31. Rxe5 Rxe5
32. Nxe5 Nxe4 33. f3 Nc3 34. Qf2 Qd8 35. Bc4 Kg7 36. h3 f6
37. Nd3 Qd6 38. Nc5 Bc8 39. Qe1 Kf8 40. Qd2 Kg7 41. Qe1 Kf8
42. Be6 Bxe6 43. Qxe6 Qe5 44. Nd7+ 1-0

[Event "Bled Olympiad"]
[Site "Bled SLO"]
[Date "2002.11.04"]
[EventDate "2002.10.26"]
[Round "9"]
[Result "1/2-1/2"]
[White "Dusko Pavasovic"]
[Black "Rashid Khouseinov"]
[WhiteElo "2581"]
[BlackElo "2331"]
[PlyCount "92"]

1. e4 e5 2. Nf3 Qe7 3. Bc4 d6 4. O-O Nh6 5. d4 g6 6. Nc3 c6
7. a4 a5 8. h3 f6 9. dxe5 dxe5 10. b3 Nf7 11. Nd2 Be6 12. Qe2
Nd6 13. Ba3 Qf7 14. Bxe6 Qxe6 15. Rfd1 Nd7 16. b4 axb4
17. Bxb4 Nf7 18. Bxf8 Kxf8 19. Nb3 Kg7 20. a5 Rhd8 21. Na4 Nd6
22. Rd3 Qe7 23. Rad1 Nf7 24. Qe3 Nf8 25. Qb6 Rxd3 26. Rxd3 Ra6
27. Qc5 Qxc5 28. Naxc5 Ra7 29. Kf1 f5 30. f3 fxe4 31. fxe4 Kf6
32. Nd7+ Nxd7 33. Rxd7 Ng5 34. Ke2 Nxe4 35. Ke3 Ke6 36. Rxh7
Nd6 37. Kd3 Ra8 38. Rg7 e4+ 39. Ke2 Kf5 40. Rd7 Nc4 41. Rf7+
Ke6 42. Rxb7 Nxa5 43. Rc7 Nxb3 44. cxb3 Ra2+ 45. Ke3 Kd6
46. Rg7 Rxg2 1/2-1/2

[Event "Bled Olympiad"]
[Site "Bled SLO"]
[Date "2002.11.04"]
[EventDate "2002.10.26"]
[Round "9"]
[Result "1/2-1/2"]
[White "Adrian Mikhalchishin"]
[Black "Jamshed Isaev"]
[WhiteElo "2542"]
[BlackElo "2440"]
[PlyCount "110"]

1. Nf3 Nf6 2. c4 g6 3. b4 Bg7 4. Bb2 O-O 5. e3 d5 6. d4 c6
7. Nbd2 a5 8. b5 a4 9. Ba3 cxb5 10. cxb5 Re8 11. Be2 Nbd7
12. O-O e5 13. Nxe5 Nxe5 14. dxe5 Nd7 15. e6 fxe6 16. Rc1 Nb6
17. Nf3 e5 18. Bc5 Be6 19. Bxb6 Qxb6 20. Ng5 Kh8 21. Nxe6 Qxe6
22. Rc7 d4 23. exd4 Qxa2 24. Bc4 Qb2 25. d5 a3 26. Qb1 Qd4
27. b6 e4 28. Rd1 Qxc4 29. Rxc4 a2 30. Qa1 Bxa1 31. Rxa1 Red8
32. Rc5 Rd6 33. Rb5 Kg7 34. Kf1 Kf6 35. Ke2 Ke5 36. Rb2 Kxd5
37. Raxa2 Rxa2 38. Rxa2 Rxb6 39. Ra5+ Kd4 40. Ra4+ Kd5
41. Ra5+ Kc4 42. Ke3 Re6 43. Ra4+ Kb3 44. Ra7 b5 45. Rxh7 b4
46. h4 Kc3 47. Rc7+ Kb2 48. g4 b3 49. h5 gxh5 50. gxh5 Ka2
51. Ra7+ Kb1 52. Rb7 b2 53. f3 Rb6 54. Kxe4 Rb5 55. f4 Kc2
1/2-1/2

[Event "Bled Olympiad"]
[Site "Bled SLO"]
[Date "2002.11.04"]
[EventDate "2002.10.26"]
[Round "9"]
[Result "0-1"]
[White "Anvar Nazarov"]
[Black "Drazen Sermek"]
[WhiteElo "2395"]
[BlackElo "2590"]
[PlyCount "73"]

1. e4 c5 2. c4 Nc6 3. Nc3 g6 4. g3 Bg7 5. Bg2 a6 6. Nge2 b5
7. d3 Rb8 8. O-O d6 9. f4 Bd7 10. Kh1 Nf6 11. Rb1 O-O 12. b3
Qc8 13. f5 gxf5 14. Bg5 bxc4 15. Bxf6 Bxf6 16. dxc4 fxe4
17. Rxf6 exf6 18. Nxe4 Bh3 19. Nxf6+ Kg7 20. Bxh3 Qxh3 21. Nf4
Qf5 22. g4 Qg5 23. N4h5+ Kh8 24. Qxd6 Nd4 25. Ne4 Qg6 26. Qe5+
f6 27. Nhxf6 Nf3 28. Qc3 Nd4 29. Rf1 Rbd8 30. Rf2 h6 31. Qa5
Ne6 32. Qxa6 Ng7 33. h4 Rd4 34. h5 Nxh5 35. Qe6 Rxe4 36. Qxe4
Ng3+ 37. Kg2 0-1

[Event "Bled Olympiad"]
[Site "Bled SLO"]
[Date "2002.11.04"]
[EventDate "2002.10.26"]
[Round "9"]
[Result "1/2-1/2"]
[White "Vinh Bui"]
[Black "Tadej Sakelsek"]
[WhiteElo "2459"]
[BlackElo "2296"]
[PlyCount "67"]

1. d4 Nf6 2. Nf3 e6 3. g3 c5 4. c4 cxd4 5. Nxd4 d5 6. Bg2 e5
7. Nc2 d4 8. O-O Nc6 9. b3 Bf5 10. Nd2 Bc5 11. b4 Bxc2
12. Qxc2 Nxb4 13. Qa4+ Qd7 14. Qxd7+ Nxd7 15. Bxb7 Rb8 16. Be4
a5 17. a3 Na6 18. Bc6 Ke7 19. Ne4 Bb6 20. a4 Rhc8 21. Bb5 Nb4
22. Ba3 Nc5 23. Bxb4 axb4 24. Nxc5 Bxc5 25. a5 f5 26. Kg2 Ra8
27. a6 Ra7 28. Rfd1 Ke6 29. Rab1 g5 30. Rb3 e4 31. f3 exf3+
32. exf3 Rcc7 33. Kf1 Kd6 34. Re1 1/2-1/2

[Event "Bled Olympiad"]
[Site "Bled SLO"]
[Date "2002.11.04"]
[EventDate "2002.10.26"]
[Round "9"]
[Result "0-1"]
[White "Sergio Minero Pineda"]
[Black "Bin-Sattar Reefat"]
[WhiteElo "2396"]
[BlackElo "2448"]
[PlyCount "94"]

1. d4 d5 2. c4 e6 3. Nf3 Nf6 4. g3 dxc4 5. Bg2 Bb4+ 6. Bd2 a5
7. O-O Nc6 8. Bc3 Rb8 9. Nfd2 O-O 10. Nxc4 b5 11. Bxc6 bxc4
12. Bg2 Ba6 13. Nd2 Qe7 14. Qc2 Nd5 15. e4 Bxc3 16. bxc3 Nb6
17. e5 Qa3 18. Ne4 Na4 19. Rab1 h6 20. g4 Bb7 21. Rxb7 Rxb7
22. Nf6+ gxf6 23. Bxb7 Rb8 24. Bc6 Nxc3 25. Qd2 fxe5 26. dxe5
Qb2 27. Qe3 Rd8 28. Kg2 Qd2 29. Qxd2 Rxd2 30. Rc1 Nd5 31. Kf3
Rd3+ 32. Ke2 Rd4 33. f3 Kf8 34. h4 Kg7 35. h5 f6 36. exf6+
Kxf6 37. Bb5 c3 38. Bc6 Rd2+ 39. Ke1 Rd3 40. Bxd5 exd5 41. Ke2
Rd2+ 42. Ke3 d4+ 43. Ke4 c2 44. g5+ Kxg5 45. Ke5 d3 46. Rg1+
Kh4 47. Kf4 Rd1 0-1

[Event "Bled Olympiad"]
[Site "Bled SLO"]
[Date "2002.11.04"]
[EventDate "2002.10.26"]
[Round "9"]
[Result "1-0"]
[White "Ziaur Rahman"]
[Black "Leonardo Valdes"]
[WhiteElo "2523"]
[BlackElo "2426"]
[PlyCount "95"]

1. Nf3 Nf6 2. c4 g6 3. Nc3 d5 4. Qa4+ Bd7 5. Qb3 dxc4 6. Qxc4
Bg7 7. e4 O-O 8. e5 Ng4 9. d4 Be6 10. Qb5 Bc8 11. h3 Nh6
12. Bf4 f6 13. Qc4+ Nf7 14. exf6 exf6 15. Qxc7 Qe8+ 16. Be2
Nc6 17. O-O g5 18. Be3 Bd7 19. Rfe1 b6 20. Qg3 Qd8 21. Rac1 h6
22. d5 Ne7 23. Nd4 f5 24. Ne6 Bxe6 25. dxe6 Nd6 26. f4 Bxc3
27. bxc3 Ne4 28. Qf3 Rc8 29. Qh5 Qe8 30. Qxe8 Rfxe8 31. Bh5
Red8 32. fxg5 hxg5 33. Bd4 Rc6 34. Bf7+ Kf8 35. g4 Ng3
36. Rcd1 Rcd6 37. Kg2 f4 38. Re5 Rd5 39. Rxd5 Rxd5 40. Kf3 b5
41. a3 a6 42. Re1 Rd6 43. h4 gxh4 44. Kxf4 Rc6 45. Kg5 a5
46. Kxh4 b4 47. Kxg3 bxc3 48. Rh1 1-0

[Event "Bled Olympiad"]
[Site "Bled SLO"]
[Date "2002.11.04"]
[EventDate "2002.10.26"]
[Round "9"]
[Result "1-0"]
[White "Enamul Hossain"]
[Black "Alejandro Ramirez Alvarez"]
[WhiteElo "2396"]
[BlackElo "2421"]
[PlyCount "95"]

1. e4 c5 2. Nf3 d6 3. d4 cxd4 4. Nxd4 Nf6 5. Nc3 g6 6. Be3 Bg7
7. f3 O-O 8. Qd2 Nc6 9. O-O-O Nxd4 10. Bxd4 Be6 11. Nd5 Bxd5
12. exd5 Qc7 13. Kb1 Rfc8 14. Rc1 a5 15. h4 Qd7 16. g4 Qa4
17. c3 h6 18. Bxf6 Bxf6 19. Qxh6 Bg7 20. Qe3 Be5 21. h5 Qf4
22. Qxf4 Bxf4 23. Re1 g5 24. Rxe7 Re8 25. Rxe8+ Rxe8 26. Bb5
Re5 27. Rd1 Re3 28. Rf1 Re5 29. Bc4 Kg7 30. Kc2 Kh6 31. Kb3 f5
32. Rf2 Be3 33. Re2 f4 34. Ka4 b6 35. b4 Re7 36. Bb5 Ra7
37. Kb3 Kg7 38. Rc2 Kh6 39. Bd3 Ra8 40. Kc4 Rc8+ 41. Kb5 Rc7
42. Bf5 Bg1 43. a3 Be3 44. c4 Bg1 45. c5 bxc5 46. bxa5 Ra7
47. a6 Ra8 48. Rc4 1-0

[Event "Bled Olympiad"]
[Site "Bled SLO"]
[Date "2002.11.04"]
[EventDate "2002.10.26"]
[Round "9"]
[Result "1/2-1/2"]
[White "Dario Alzate"]
[Black "John Rodgaard"]
[WhiteElo "2432"]
[BlackElo "2345"]
[PlyCount "86"]

1. d4 d5 2. c4 e6 3. Nc3 Be7 4. Nf3 Nf6 5. Bg5 h6 6. Bh4 O-O
7. e3 Ne4 8. Bxe7 Qxe7 9. Qb3 c6 10. Bd3 Nxc3 11. Qxc3 dxc4
12. Bxc4 Nd7 13. Bd3 c5 14. O-O b6 15. Be4 Rb8 16. Bc6 Bb7
17. Bxb7 Rxb7 18. Rac1 a5 19. Rfd1 Rc8 20. h3 Rbc7 21. Ne5
Nxe5 22. dxe5 Rd7 23. Qb3 Rxd1+ 24. Rxd1 Rd8 25. a4 Kf8
26. Kf1 Qc7 27. Ke2 Ke7 28. Rxd8 Qxd8 29. Qb5 Qc7 30. f4 g6
31. b3 h5 32. Qd3 Qc6 33. e4 Qc7 34. g3 Qc6 35. Kd2 Qd7
36. Kc3 Qxd3+ 37. Kxd3 Kd7 38. Kc4 Kc6 39. g4 h4 40. g5 Kc7
41. Kd3 Kd7 42. Kc3 Kc7 43. Kd3 Kd7 1/2-1/2

[Event "Bled Olympiad"]
[Site "Bled SLO"]
[Date "2002.11.04"]
[EventDate "2002.10.26"]
[Round "9"]
[Result "0-1"]
[White "John Arni Nilssen"]
[Black "Alonso Zapata"]
[WhiteElo "2385"]
[BlackElo "2556"]
[PlyCount "64"]

1. d4 Nf6 2. c4 d6 3. Nc3 Nbd7 4. e4 e5 5. Nf3 c6 6. Be2 g6
7. O-O Bg7 8. d5 Nc5 9. Qc2 a5 10. Be3 Qc7 11. h3 O-O 12. Nd2
Bd7 13. Rac1 Rfc8 14. g4 cxd5 15. cxd5 Qb8 16. Qb1 h5 17. f3
b5 18. b4 axb4 19. Qxb4 Na6 20. Qa5 hxg4 21. hxg4 b4 22. Nb5
Nc7 23. Na7 Bh6 24. f4 exf4 25. Bb6 f3 26. Nxf3 Bxc1 27. Rxc1
Nxe4 28. Nd4 Nc3 29. Bf3 N7b5 30. Ndc6 Bxc6 31. dxc6 Rxa7
32. c7 Rcxc7 0-1

[Event "Bled Olympiad"]
[Site "Bled SLO"]
[Date "2002.11.04"]
[EventDate "2002.10.26"]
[Round "9"]
[Result "1-0"]
[White "Meilis Annaberdiev"]
[Black "Dionisio Aldama Degurnay"]
[WhiteElo "2305"]
[BlackElo "2443"]
[PlyCount "161"]

1. d4 Nf6 2. Nf3 e6 3. Bf4 b6 4. Nbd2 Bb7 5. e3 Be7 6. c3 d5
7. Bd3 O-O 8. Ne5 Nbd7 9. Qf3 c5 10. O-O Ne8 11. Qh3 f5 12. g4
Nxe5 13. Bxe5 Nd6 14. Bxd6 Bxd6 15. f4 g6 16. Nf3 Qe7 17. gxf5
exf5 18. Ne5 a6 19. Rf2 Rf6 20. Rg2 Qg7 21. Kh1 Re8 22. Rag1
Bc8 23. Qf3 Kf8 24. h4 Ke7 25. h5 Kd8 26. Qh3 Rh8 27. Rh2 Rff8
28. Qh4+ Be7 29. Qf2 Rf6 30. Rh3 c4 31. Be2 Qf8 32. Qf3 Qg8
33. Qg2 Kc7 34. Qh2 Qg7 35. hxg6 h6 36. Bf3 Be6 37. Qg2 Rd8
38. Kh2 Rff8 39. Rh1 Rh8 40. Kg1 Bf6 41. Kf2 b5 42. a3 a5
43. Ra1 Rhg8 44. Qh2 Qe7 45. Rh1 Qg7 46. Bh5 b4 47. axb4 axb4
48. Ra1 Ra8 49. Qg2 b3 50. Rhh1 Bxe5 51. dxe5 Ra2 52. Rab1 Qe7
53. Ke1 Qc5 54. Qd2 d4 55. exd4 Qd5 56. Kf2 Qe4 57. Bf3 Qc2
58. Qxc2 bxc2 59. Rbc1 Rxb2 60. Rhg1 Rg7 61. Ke3 Bd7 62. d5
Be8 63. Kd2 Ba4 64. Ra1 Rb1 65. Raxb1 cxb1=Q 66. Rxb1 Rxg6
67. d6+ Kc8 68. Rb4 Bd7 69. Bb7+ Kd8 70. Bd5 Kc8 71. Bxc4 Be6
72. Ba6+ Kd7 73. Bb5+ Kc8 74. Bc6 Bd7 75. Bb7+ Kd8 76. Bd5 Kc8
77. Rb1 h5 78. Ra1 Be6 79. Bc6 Kd8 80. Ra8+ Bc8 81. Bb7 1-0

[Event "Bled Olympiad"]
[Site "Bled SLO"]
[Date "2002.11.04"]
[EventDate "2002.10.26"]
[Round "9"]
[Result "1/2-1/2"]
[White "Ivan Morovic-Fernandez"]
[Black "Carlos Matamoros Franco"]
[WhiteElo "2549"]
[BlackElo "2459"]
[PlyCount "43"]

1. e4 e6 2. d4 d5 3. Nd2 c5 4. exd5 Qxd5 5. Ngf3 cxd4 6. Bc4
Qd6 7. O-O Nf6 8. Nb3 Nc6 9. Nbxd4 Nxd4 10. Nxd4 a6 11. Re1
Qc7 12. Qe2 Bd6 13. Bg5 O-O 14. Bd3 Nd5 15. g3 b5 16. Rad1 Bb7
17. Be4 Rfe8 18. c3 Bf8 19. h4 Rac8 20. a3 h6 21. Bc1 Nf6
22. Bxb7 1/2-1/2

[Event "Bled Olympiad"]
[Site "Bled SLO"]
[Date "2002.11.04"]
[EventDate "2002.10.26"]
[Round "9"]
[Result "0-1"]
[White "Dashzeveg Sharavdorj"]
[Black "Edvins Kengis"]
[WhiteElo "2418"]
[BlackElo "2570"]
[PlyCount "88"]

1. Nf3 b6 2. g3 c5 3. c4 Bb7 4. Bg2 g6 5. O-O Bg7 6. Nc3 Nc6
7. e3 Nh6 8. d4 O-O 9. Bd2 e6 10. d5 exd5 11. cxd5 Nb4 12. Ne1
Nf5 13. a3 Na6 14. Rb1 d6 15. Ne2 Nc7 16. Bc3 Ba6 17. Nc2 Re8
18. Re1 Bxe2 19. Rxe2 Bxc3 20. bxc3 Ng7 21. e4 Qd7 22. f4 Rad8
23. c4 b5 24. cxb5 Nxb5 25. Qd3 Rb8 26. Rbe1 Nc7 27. e5 Nf5
28. e6 Qb5 29. Qc3 Qb2 30. Qa5 Qb6 31. Qd2 Qb2 32. Qa5 Qb6
33. Qd2 Nb5 34. g4 Nfd4 35. Nxd4 Nxd4 36. Rf2 f5 37. Kh1 Rb7
38. gxf5 gxf5 39. Bf3 Qb3 40. Bh5 Ree7 41. Rg2+ Kf8 42. Bf7
Qxd5 43. Qf2 Nxe6 44. Bh5 Nxf4 0-1

[Event "Bled Olympiad"]
[Site "Bled SLO"]
[Date "2002.11.04"]
[EventDate "2002.10.26"]
[Round "9"]
[Result "1/2-1/2"]
[White "Matjaz Mikac"]
[Black "Manuel Larrea"]
[WhiteElo "2401"]
[BlackElo "2184"]
[PlyCount "154"]

1. d4 Nf6 2. Nf3 g6 3. Bf4 Bg7 4. e3 O-O 5. h3 d6 6. Be2 Nbd7
7. O-O Qe8 8. Bh2 e5 9. c4 e4 10. Nfd2 Qe7 11. Nc3 Re8 12. Rc1
Nf8 13. Nd5 Nxd5 14. cxd5 Qg5 15. Kh1 Re7 16. Qb3 Bxd4
17. Nxe4 Rxe4 18. Bf3 Bxe3 19. Rxc7 Bf5 20. fxe3 Rxe3 21. Qxb7
Rae8 22. Rxf7 Re1 23. Rg1 Qh6 24. Qxa7 Rxg1+ 25. Bxg1 Bxh3
26. Rg7+ Qxg7 27. Qxg7+ Kxg7 28. Bd4+ Kf7 29. gxh3 Nd7 30. Bg4
Re4 31. Bc3 Nf6 32. Be6+ Ke7 33. Kg2 h5 34. Kf3 Ra4 35. a3 g5
36. Bb4 Ra8 37. Bd2 g4+ 38. hxg4 hxg4+ 39. Bxg4 Nxg4 40. Kxg4
Rb8 41. Kf3 Rxb2 42. Bb4 Kd7 43. Ke4 Kc7 44. Ba5+ Kd7 45. Bb4
Rh2 46. Kd4 Kc7 47. Ba5+ Kb7 48. Bb4 Rh6 49. Kc4 Kb6 50. Kd4
Kb5 51. Kd3 Rh5 52. Kd4 Rh6 53. Kd3 Rg6 54. Kd4 Kb6 55. Ke4
Kc7 56. Ba5+ Kd7 57. Bb4 Rg8 58. Kd4 Ra8 59. Kc4 Rc8+ 60. Kd4
Ke7 61. Kd3 Rb8 62. Kc4 Rb6 63. Kd4 Kf6 64. Ke4 Ra6 65. Bc3+
Kg6 66. Bb4 Kg5 67. Bd2+ Kg4 68. Bb4 Rb6 69. Ba5 Rb5 70. Bc7
Rb1 71. Bxd6 Re1+ 72. Kd4 Kf5 73. Bb4 Rd1+ 74. Kc4 Ke5 75. d6
Rxd6 76. Bxd6+ Kxd6 77. Kb5 Ke5 1/2-1/2

[Event "Bled Olympiad"]
[Site "Bled SLO"]
[Date "2002.11.04"]
[EventDate "2002.10.26"]
[Round "9"]
[Result "1-0"]
[White "Gabriel Curi Milia"]
[Black "Primoz Soln"]
[WhiteElo "2269"]
[BlackElo "2405"]
[PlyCount "63"]

1. e4 e6 2. d4 d5 3. Nc3 Nf6 4. Bg5 Be7 5. e5 Nfd7 6. Bxe7
Qxe7 7. f4 O-O 8. Nf3 c5 9. Qd2 Nc6 10. O-O-O f6 11. exf6 Nxf6
12. g3 Rb8 13. dxc5 Qxc5 14. Bd3 b5 15. Ne2 Kh8 16. Kb1 b4
17. Nc1 a5 18. Rhe1 Bd7 19. Qe3 Qd6 20. Nb3 a4 21. Qc5 Qc7
22. Nbd4 Rfc8 23. Nxe6 Qb7 24. Qd6 b3 25. cxb3 Nb4 26. Qe7 Nh5
27. Nfg5 Nxd3 28. Nf7+ Kg8 29. Nfd8 h6 30. Qf7+ Kh8 31. Nxb7
Rxb7 32. Rxd3 1-0

[Event "Bled Olympiad"]
[Site "Bled SLO"]
[Date "2002.11.04"]
[EventDate "2002.10.26"]
[Round "9"]
[Result "1-0"]
[White "Alberto David"]
[Black "Kamel Sebih"]
[WhiteElo "2511"]
[BlackElo "2323"]
[PlyCount "114"]

1. e4 e5 2. Nf3 Nc6 3. Bb5 a6 4. Ba4 Nf6 5. O-O Be7 6. Re1 b5
7. Bb3 O-O 8. c3 d6 9. h3 Re8 10. d4 Bf8 11. Nbd2 Bb7 12. d5
Nb8 13. Nf1 Nbd7 14. N3h2 c6 15. dxc6 Bxc6 16. Bg5 h6 17. Bxf6
Nxf6 18. Ng4 Nh7 19. Bd5 Bxd5 20. Qxd5 Qd7 21. Nxe5 Qe6
22. Qxe6 fxe6 23. Nd3 d5 24. exd5 exd5 25. Rxe8 Rxe8 26. Ne3
Nf6 27. a4 d4 28. cxd4 Re4 29. axb5 axb5 30. Nc2 Re2 31. Ne3
Ne4 32. Re1 Rd2 33. Rd1 Re2 34. Nd5 Rc2 35. g4 Rc4 36. Ne1 Ng5
37. h4 Ne6 38. Nf3 Rc2 39. Re1 Nd8 40. Re8 Nc6 41. Rc8 Nb4
42. Rxc2 Nxc2 43. Kf1 Bd6 44. Ke2 Na1 45. Kd3 Nb3 46. Nc3 b4
47. Ne4 Be7 48. Kc4 Na5+ 49. Kd5 Kf8 50. h5 Ke8 51. Ne5 Nb3
52. Nc6 Nc1 53. Kc4 Ne2 54. d5 Nf4 55. d6 Bxd6 56. Nxd6+ Kd7
57. Nf5 Kxc6 1-0

[Event "Bled Olympiad"]
[Site "Bled SLO"]
[Date "2002.11.04"]
[EventDate "2002.10.26"]
[Round "9"]
[Result "1/2-1/2"]
[White "Bunmi Olape"]
[Black "Alexander Baburin"]
[WhiteElo "2216"]
[BlackElo "2580"]
[PlyCount "63"]

1. e4 Nf6 2. e5 Nd5 3. c4 Nb6 4. d4 d6 5. f4 Bf5 6. Nc3 e6
7. Nf3 Be7 8. Be2 dxe5 9. fxe5 O-O 10. Be3 f6 11. O-O Nc6
12. exf6 Bxf6 13. Qd2 Qe7 14. c5 Nd5 15. Nxd5 exd5 16. Bb5 Nd8
17. Bf4 Ne6 18. Be5 Be4 19. Bxf6 Qxf6 20. Ne5 Nf4 21. Rf2 Qg5
22. Bd7 Rf6 23. g3 Raf8 24. Raf1 Bg2 25. gxf4 Rxf4 26. Be6+
Kh8 27. Nf7+ R8xf7 28. Bxf7 Bh3+ 29. Kh1 Bg2+ 30. Kg1 Bh3+
31. Kh1 Bg2+ 32. Kg1 1/2-1/2

[Event "Bled Olympiad"]
[Site "Bled SLO"]
[Date "2002.11.04"]
[EventDate "2002.10.26"]
[Round "9"]
[Result "0-1"]
[White "Mahmoud Abdulaziz"]
[Black "Sadikin Irwanto"]
[WhiteElo "2134"]
[BlackElo "2416"]
[PlyCount "100"]

1. Nf3 Nf6 2. c4 e6 3. g3 d5 4. Bg2 Be7 5. O-O O-O 6. d4 dxc4
7. Qc2 a6 8. a4 Nc6 9. Qxc4 Qd5 10. Qd3 Qf5 11. Qd1 Nb4
12. Na3 Rd8 13. Nh4 Qg4 14. Bf4 Nfd5 15. h3 Qh5 16. Bf3 Qxh4
17. gxh4 Nxf4 18. e3 Ng6 19. h5 Nh4 20. Rc1 c5 21. Bg2 cxd4
22. exd4 e5 23. Nc2 Nd5 24. Ne3 Nf4 25. d5 Nhxg2 26. Nxg2 Rxd5
27. Qb3 Rd3 28. Rxc8+ Rxc8 29. Qxb7 Nxh3+ 30. Kh2 Re8 31. Qxa6
e4 32. Qc6 Bd6+ 33. Kh1 Re5 34. Qc8+ Bf8 35. Qg4 Rf3 36. Ne3
f5 37. Qg2 Nf4 38. Nc4 Re6 39. Qg5 Rh3+ 40. Kg1 Ne2+ 41. Kg2
Rxh5 42. Qxh5 Nf4+ 43. Kg1 Nxh5 44. Ra1 f4 45. a5 e3 46. fxe3
fxe3 47. a6 e2 48. b4 Bxb4 49. a7 e1=Q+ 50. Rxe1 Rxe1+ 0-1

[Event "Bled Olympiad"]
[Site "Bled SLO"]
[Date "2002.11.04"]
[EventDate "2002.10.26"]
[Round "9"]
[Result "1/2-1/2"]
[White "Erald Dervishi"]
[Black "Slim Belkhodja"]
[WhiteElo "2513"]
[BlackElo "2497"]
[PlyCount "40"]

1. e4 c5 2. Nf3 Nc6 3. d4 cxd4 4. Nxd4 e5 5. Nb5 d6 6. c4 Be7
7. Be2 f5 8. exf5 Bxf5 9. O-O a6 10. N5c3 Nf6 11. Na3 O-O
12. Nc2 Rc8 13. Ne3 Be6 14. b3 Nd4 15. Bb2 b5 16. Bd3 bxc4
17. bxc4 Qa5 18. Ne4 Nxe4 19. Bxe4 Nf5 20. Nxf5 Bxf5 1/2-1/2